Purchasing power parity and cointegration

Možné prístupy štatistického testovania platnosti parity kúpnej sily meny na Slovensku vzhľadom k Českej republike na základe kointegračnej metódy navrhnutej Englom a Grangerom v roku 1987. Dlhodobý charakter uvedenej metódy.

Enregistré dans:
Détails bibliographiques
Auteur principal: Rublíková, Eva
Format: Chapitre de livre
Langue:anglais
Sujets:
Tags: Ajouter un tag
Pas de tags, Soyez le premier à ajouter un tag!

MARC

LEADER 00000naa$a2200000$$$4500
001 0004365
005 20231005082640.8
041 0 |a eng 
044 |a SK 
245 1 0 |a Purchasing power parity and cointegration  |c Eva Rublíková 
520 |a Možné prístupy štatistického testovania platnosti parity kúpnej sily meny na Slovensku vzhľadom k Českej republike na základe kointegračnej metódy navrhnutej Englom a Grangerom v roku 1987. Dlhodobý charakter uvedenej metódy. 
610 2 0 |a parita sily kúpnej 
610 2 0 |a testovanie hypotéz 
610 2 0 |a štatistika 
610 2 0 |a Slovensko 
610 2 0 |a Česko 
610 2 0 |a metódy štatistické 
610 2 0 |a modely matematicko-štatistické 
100 1 |a Rublíková, Eva